Industria: Orotina /
Shranjeno v:
| Autores Corporativos: | , |
|---|---|
| Format: | Texto |
| Izdano: |
San José:
IFAM. AITEC
|
| Oznake: |
Označite
Brez oznak, prvi označite!
|
MARC
| LEADER | 00000 a a2200000 04500 | ||
|---|---|---|---|
| 001 | 16949 | ||
| 003 | |||
| 040 | |||
| 090 | |a 008900 | ||
| 110 | |a Instituto de Fomento y Asesoría Municipal [Costa Rica] | ||
| 245 | |a Industria: Orotina / |c Instituto de Fomento y Asesoría Municipal [Costa Rica] | ||
| 260 | |a San José: |b IFAM. AITEC | ||
| 300 | |a 3 p. | ||
| 710 | |a Acción Internacional Técnica, División de Acción Internacional | ||
| 999 | |c 6251 |d 6251 | ||
